Parliamentary Republic Countries - Statistics

General Stats
  • This quiz has been taken 46 times
  • The average score is 27 of 52
Answer Stats
Country % Correct
Germany
85%
Greece
81%
Austria
77%
Czech Republic
77%
Finland
77%
India
77%
Ireland
77%
Italy
77%
Slovakia
77%
Slovenia
73%
Albania
69%
Bulgaria
69%
Croatia
69%
Estonia
69%
Hungary
69%
Latvia
69%
Bosnia and Herzegovina
65%
Montenegro
65%
South Africa
65%
Moldova
62%
Pakistan
62%
Serbia
62%
Armenia
58%
Israel
58%
North Macedonia
58%
Switzerland
58%
Bangladesh
54%
Iraq
50%
Kosovo
50%
Malta
50%
Georgia
46%
San Marino
46%
Singapore
46%
Iceland
42%
Nepal
42%
Lebanon
38%
Somalia
38%
Botswana
35%
Ethiopia
31%
Kiribati
31%
Myanmar
31%
Dominica
27%
Suriname
27%
Micronesia
23%
Nauru
23%
Fiji
19%
Kyrgyzstan
19%
Marshall Islands
15%
Mauritius
15%
Samoa
15%
Trinidad and Tobago
15%
Vanuatu
15%
No matching quizzes found
Score Distribution
Percent of People with Each Score
Percentile by Number Answered
Your Score History
You have not taken this quiz